000 00365nam a2200133Ia 4500
008 240624s9999 xx 000 0 und d
041 _aeng
082 _a650.1 WEI
100 _aWEINGARTEN RACHEL C
245 _aCAREER AND CORPORATE COOL HOW TO LOOK DR
260 _c2007
_aNew Jersey
_bJohn Wiley and Sons
300 _axii, : 260 : p. : cm. ; 23
365 _c
_b30
999 _c11931
_d11931